| 000 | 00821amm a2200289 4500 | ||
|---|---|---|---|
| 008 | 130106s2013 o a cat d | ||
| 041 | _acat | ||
| 041 | _beng | ||
| 041 | _bfre | ||
| 041 | _bspa | ||
| 110 |
_aTERMCAT _960609 |
||
| 245 |
_aDiccionari d'automobilisme _h[en línia] _cTERMCAT, Centre de Terminologia |
||
| 260 |
_aBarcelona _bTERMCAT, Centre de Terminologia _c2013 |
||
| 490 | _aDiccionaris en Línia | ||
| 500 | _aCategoria gramatical, sinònims | ||
| 500 | _btermcat | ||
| 520 | _aaprox. 200 | ||
| 546 | _acatalà | ||
| 591 | _aAUTOMOB-E | ||
| 592 | _aObra terminològica | ||
| 593 | _aVJA | ||
| 650 | 0 |
_aautomobilisme _961717 |
|
| 830 |
_aDiccionaris en Línia _974364 |
||
| 856 | _uhttps://www.termcat.cat/ca/diccionaris-en-linia/162 | ||
| 901 | _ccop. <2013> | ||
| 942 |
_cMO _n0 _2ddc |
||
| 999 |
_c68457 _d68457 |
||